000
00253 a2200109 4500
245
_a
Technique de l'injection dans les urgences
100
_a
Kaiser, H.
260
_c
1961
300
_a
44 p.
999
_c
17599
_d
17599